Studio Ghibli Characters - Impossible - Statistics

General Stats
  • This quiz has been taken 41 times
  • The average score is 3 of 12
Answer Stats
Picture Answer % Correct
Kanta
54%
Lettie
54%
Spiller
38%
Moon
35%
Boh
23%
Toki
19%
Mito
15%
Mr. Piccolo
15%
Kiriko
8%
Koichi
8%
Kokiri
8%
Menowarawa
4%
No matching quizzes found
Score Distribution
Percent of People with Each Score
Percentile by Number Answered
Your Score History
You have not taken this quiz